000 00686nam a2200217 a 4500
999 _c11048
_d11048
001 11048
003 BD-JhCC
005 20191112134008.0
008 190627s2016 bg |||| |||| 000 0 ben d
020 _a9789844321243
035 _a(BD-JhCC)11048
040 _aBD-JhCC
_dBD-JhCC
041 _aben
082 _a891.3
_bKAM 2016
100 _aকামাল, মোস্তফা
245 _aসায়েন্স ফিকশন সমগ্র /
_cমোস্তফা কামাল
260 _aঢাকা :
_bঅনন্যা,
_c২০১৬.
300 _a৩১০ ‍পৃ. :
_c২২ সেমি.
650 _aBengali Science Fiction
942 _2ddc
_cBK
_02